000 02527nam0a2200385 4500
001 RU\NLR\bibl\99271
005 20260405123910.0
010 _a5-8088-0026-9
_9150
021 _aRU
_b2000-15636
_9756
035 _a(NLR Aleph) 000097057
090 _a546676
_c546676
100 _a20000720d1999 |||y0rusy50 ca
101 0 _arus
102 _aRU
105 _aa |||||||||
200 1 _aМикроволновая аппаратура дистанционного зондирования поверхности земли и атмосферы
_eРадиолокаторы с синтезир. апертурой антенны
_eУчеб. пособие
_e[Для студентов радиотехн. спец.]
_fЛ.Б. Неронский, В.Ф. Михайлов, И.В. Брагин
_gМ-во образования Рос. Федерации, С.-Петерб. гос. ун-т аэрокосм. приборостроения
210 _aСПб.
_cСПбГУАП
_d1999
215 _a220 с.
_cил.
_d20
320 _aБиблиогр.: с. 197-200 (36 назв.)
606 0 _aЗемная поверхность
_jРуководства, пособия и т.п.
_xИсследования
_xРадиолокационные методы
_91112735
_3RU\NLR\auth\66439750
606 0 _aЗемная поверхность
_jУчебные издания для высшей школы
_xИсследования
_xРадиолокационные методы
_91112735
_3RU\NLR\auth\66439750
606 0 _aАтмосфера
_jРуководства, пособия и т.п.
_xИсследования
_xРадиолокационные методы
_xАппараты и приборы
_91039877
_3RU\NLR\auth\6682333
606 0 _aАтмосфера
_jУчебные издания для высшей школы
_xИсследования
_xРадиолокационные методы
_xАппараты и приборы
_91039877
_3RU\NLR\auth\6682333
686 _aД820в733.8я73
686 _aД23в610.28я73
700 1 _aНеронский
_bЛ. Б.
_gЛеон Богуславович
_4070
701 1 _4070
_8rus
_7ca
_aМихайлов
_bВ. Ф.
_cд-р техн. наук
_gВиктор Федорович
_3RU\NLR\auth\7749467
_932402
701 1 _aБрагин
_bИ. В.
_gИван Вениаминович
_4070
801 0 _aRU
_bNLR
_c20000720
_gPSBO
801 1 _aRU
_bNLR
_c20000720
830 _aАвт. по кн.
852 _aNLR
_j2000-3/6424
942 _cBOOK
980 _aNB